00813nam a22002057a 45000010005000000030006000050050017000110080041000280200018000690400029000870500013001161000025001292450037001542500027001912600035002183000022002535200272002756500034005476500026005814556FISKH20240916145841.0240916b cb ||||| |||| 00| 0 eng d a9780545081030 aFISKHbengcFISKHdFISKH aPZ7.E453 aElliott, L.M.d1957- aGive me liberty / cL.M. Elliott aFirst printing in 2008 aNew York :bScholastic,c2008. a376 pages :c20cm aFollows the life of thirteen-year-old Nathaniel Dunn, from May 1774 to December 1775, as he serves his indentureship with a music teacher in Williamsburg, Virginia, and witnesses the growing rift between patriots and loyalists, culminating in the American Revolution. 2American RevolutionaVirginia 2Slaverya18th century